|
|
|
|
| LEADER |
00621nam a22001577a 4500 |
| 008 |
211126b |||||||| |||| 00| 0 eng d |
| 100 |
|
|
|a Murshida Kadeeja
|
| 245 |
|
|
|a Impact of Covid -19on higher education of Girls
|c Murshida Kadeeja
|
| 260 |
|
|
|c 2021
|
| 300 |
|
|
|a 190 pages
|
| 502 |
|
|
|a Dissertation (MA.)--Department of Women's Studies ,University of Calicut, 2021
|
| 504 |
|
|
|a Includes bibliographical references (p. 262-296) and abstract.
|
| 796 |
|
|
|a Dayana K
|e Thesis advisor.
|c Dr.
|
| 942 |
|
|
|c PD
|
| 999 |
|
|
|c 363772
|d 363772
|
| 952 |
|
|
|0 0
|1 0
|4 0
|7 0
|9 423767
|a WMS
|b WMS
|c REF
|d 2021-11-26
|i D190
|l 0
|p WMSD190
|r 2021-11-26
|w 2021-11-26
|y PD
|